Majakovskij, Vladimír Vladimírovič.../inc./

Podrobná bibliografia
Médium: Článok
Jazyk:slovenčina
PhysicalDescription:Fot. 1.
Predmet:

MARC

LEADER 00000nab a2200000 a 4500
001 vtls000031209
003 SK-MaSNL
005 20260303175645.0
008 150430c1979 xo 0 slo
015 |a SNBRB19rr/mm-uuuuu 
035 |a CL0041303 
040 |a SNKBUCL  |b slo  |c SNKBUCL  |e AACR2 
041 0 |a slo 
044 |a xo  |c SK 
080 |a 82(091):882"18-19:92  |2 1981 
080 |a 882"18-19  |2 1981 
080 |a 882(091)"18-19"  |2 1981 
080 |a 92 Majakovskij, Vladimír  |2 1981 
245 0 0 |a Majakovskij, Vladimír Vladimírovič.../inc./ 
300 |b Fot. 1. 
500 |a Príloha časopisu Javisko č. 6, 1979. 
600 1 7 |a Majakovskij, Vladimir Vladimirovič,  |d 1893-1930  |2 snkbucl  |9 107268 
650 0 7 |a sovietska literatúra  |2 snkbucl  |9 22300 
655 7 |a články z novín a časopisov  |2 snkbucl  |9 267496 
655 7 |a články z odboru literárna veda a krásna literatúra  |2 snkbucl  |9 770045 
773 0 |t Malý repertoár  |g Roč. 11, č. 6 (1979), s. 145 
850 |a Slovenská národná knižnica v Martine  |a MTA001 
852 |a SNK  |b KIS3GCP 
958 |a RK 
958 |a LX 
958 |a SK 
992 |a RBX 
999 |c 2102813  |d 2104743